000 00414nam a2200169Ia 4500
008 100405t2009 xxu||||| |||| 00| 0 sin d
041 _asin
080 _aX8S31
_bSEN
100 _aSenevirathna, H.A.
245 _aපරාභවය
246 _aParabhavaya
260 _bFast Publishing
_aColombo
_c2009
300 _a135p., 21 cm
942 _cBK
999 _c73250
_d73250
003 LK-CoDNM
040 _aLK-CoDNM
_dLK-CoDNM
_eLK-CoDNM